Singin’ and swingin’ and getting merry like Christmas

Na minha lista:
Detalhes bibliográficos
Autor principal: ANGELOU, Maya
Formato: Livro
Idioma:inglês
Publicado em: Virago Press 1985.
Tags: Adicionar Tag
Sem tags, seja o primeiro a adicionar uma tag!

MARC

LEADER 00000nam a22000007a 4500
008 210427b ||||| |||| 00| 0 eng d
020 |a 0-86068673-6 
100 |a ANGELOU, Maya. 
245 |a Singin’ and swingin’ and getting merry like Christmas  |c Maya Angelou 
260 |b Virago Press  |c 1985.  |h London  |i 0000783  |l PS3551 .An4  |m Angelou, Maya.  |m Authors, American - 20th century – Biography.  |m African American authors – Biography 
942 |a lcc  |c BK  |e Ogunmilade, F.T.  |f 27/04/2021 
952 |0 0  |1 0  |2 lcc  |4 0  |6 PS3551 A N4  |7 0  |9 2332  |a HOL  |b HOL  |d 2021-04-27  |l 0  |o PS3551 .An4  |p 2021-6186  |r 2021-04-27 00:00:00  |w 2021-04-27  |y BK 
999 |c 1202  |d 1202